Fastest developing countries in the world - Statistics

General Stats
  • This quiz has been taken 16 times
  • The average score is 13 of 24
Answer Stats
Development Rate Country % Correct
6.5% India
85%
5.9% DR Congo
77%
6.7% Niger
77%
4.8% Ghana
69%
4.5% Kenya
69%
5.0% Togo
69%
7.1% Vietnam
69%
6.5% Benin
62%
6.2% Ivory Coast
62%
4.7% Malaysia
62%
7.2% Rwanda
62%
6.0% Tanzania
62%
9.2% Ethiopia
54%
8.7% Guinea
54%
4.9% Indonesia
54%
5.0% Mali
54%
6.0% Zambia
54%
5.5% Djibouti
46%
5.9% Philippines
46%
7.5% Uganda
46%
4.6% Kazakhstan
38%
6.2% Uzbekistan
31%
16.2% Guyana
23%
5.7% Tajikistan
23%
No matching quizzes found
Score Distribution
Percent of People with Each Score
Percentile by Number Answered
Your Score History
You have not taken this quiz